Manual of entomology and pest management / (Record no. 18515)

000 -LEADER
fixed length control field 00495nam a2200181 a 4500
020 ## - INTERNATIONAL STANDARD BOOK NUMBER
ISBN 002393350X
040 ## - CATALOGING SOURCE
Transcribing agency DLC
082 00 - DEWEY DECIMAL CLASSIFICATION NUMBER
Classification number 632 COL 1989 C147 Or.
100 1# - MAIN ENTRY--AUTHOR NAME
Personal name Higley, Leon G.
245 10 - TITLE STATEMENT
Title Manual of entomology and pest management /
260 ## - PUBLICATION, DISTRIBUTION, ETC. (IMPRINT)
Place of publication New York :
Name of publisher Macmillan ;
Place of publication London :
Name of publisher Collier Macmillan,
Year of publication c1989.
300 ## - PHYSICAL DESCRIPTION
Number of Pages v, 282 p. :
Other physical details ill. ;
Dimensions 28 cm.
650 #0 - SUBJECT ADDED ENTRY--TOPICAL TERM
Topical Term Insect pests
650 #0 - SUBJECT ADDED ENTRY--TOPICAL TERM
Topical Term Entomology
700 1# - ADDED ENTRY--PERSONAL NAME
Personal name Karr, Laura L.
700 1# - ADDED ENTRY--PERSONAL NAME
Personal name Pedigo, Larry P.
942 ## - ADDED ENTRY ELEMENTS (KOHA)
Koha item type ADB
952 ## - LOCATION AND ITEM INFORMATION (KOHA)
Withdrawn status [LOCAL, KOHA] 0
Holdings
Source of acquisition Permanent Location Date acquired Koha item type Lost status Shelving location Current Location Full call number
A35346Library Block C2019-12-13សៀវភៅភាសាអង់គ្លេស C147Library Block C632 COL 1989 C147 Or.
មជ្ឈមណ្ឌលឯការនៃសាកលវិទ្យាល័យភូមិន្ទកសិកម្មចំការដូង

Powered by Koha